| 000 | 00657nam a2200229Ia 4500 | ||
|---|---|---|---|
| 003 | OSt | ||
| 005 | 20220928135822.0 | ||
| 006 | a|||||r|||| 00| 0 | ||
| 007 | ta | ||
| 008 | 220927b |||||||| |||| 00| 0 eng d | ||
| 024 | _a5006 | ||
| 037 | _cTextual | ||
| 040 |
_aSDCL _cSDCL _beng |
||
| 041 |
_2eng _aeng |
||
| 082 | _aX:576.1(X)'N9, N3 | ||
| 100 | _aLittle I M D | ||
| 245 | 0 |
_aBoom, crisis and adjustment _b The macroeconomic experience of developing countries |
|
| 260 | _c1993 | ||
| 700 |
_a Cooper Richard N _9492867 |
||
| 942 |
_hX:576.1(X)'N9, N3 _cTEXL _2CC |
||
| 999 |
_c808554 _d808554 |
||